000 00734cab a2200229 4500
001 WB3403-15
008 090401t1998 xxu||||| |||| 00| 0 eng d
035 _a(Sirsi) u83277
041 _aeng
245 _aGreen move for public housing
260 _c1998
350 _a0
490 _aContract Journal
_v392(6159) 21 January 1998, 9(1)
520 _aLocal authorities, academics and designers have teamed up to develop ways of bringing sustainable green development into public sector housing, in the Green Futures Project.
650 _aGREEN FUTURES PROJECT
650 _aGREEN INITIATIVES
650 _aPUBLIC HOUSING
650 _aSUSTAINABLE DEVELOPMENT
690 _aHOUSING
942 _n0
948 _c22/01/1998
999 _c52589
_d52589